000 00742nam a22002177a 4500
005 20251108164228.0
008 250721s1995 xx 000 0 ara d
082 1 4 _a327.1/مجد
100 1 _aعمر، مجدي
245 1 0 _aالتغيرات في النظام الدولي و أثرها على منطقة الشرق الأوسط /
264 1 _aعمان :
_bمركز دراسات الشرق الأوسط،
_c1995.
300 _a102ص
490 0 _aدراسات ؛ 13
650 1 7 _aالسياسة الدولية
650 1 7 _aالعلاقات الدولية
650 1 7 _aالنظام العالمي الجديد
650 1 7 _aالشرق الأوسط
650 1 7 _aالتاريخ الحديث
942 _2ddc
_cBK
999 _c6927
_d6927